Good governance (Record no. 175573)

MARC details
000 -LEADER
fixed length control field 00634nam a2200229Ia 4500
003 - CONTROL NUMBER IDENTIFIER
control field OSt
005 - DATE AND TIME OF LATEST TRANSACTION
control field 20250809133907.0
008 - FIXED-LENGTH DATA ELEMENTS--GENERAL INFORMATION
fixed length control field 210423s2007 xx 000 0 und d
020 ## - INTERNATIONAL STANDARD BOOK NUMBER
International Standard Book Number 9788184500028
040 ## - CATALOGING SOURCE
Transcribing agency AL
041 ## - LANGUAGE CODE
Language code of text/sound track or separate title English
082 ## - DEWEY DECIMAL CLASSIFICATION NUMBER
Classification number 320.5
Item number GOEG
100 ## - MAIN ENTRY--PERSONAL NAME
Personal name Goel S L
9 (RLIN) 118318
245 ## - TITLE STATEMENT
Title Good governance
Remainder of title : integral approach
260 ## - PUBLICATION, DISTRIBUTION, ETC.
Place of publication, distribution, etc. New Delhi
Name of publisher, distributor, etc. Deep and deep publication
Date of publication, distribution, etc. 2007
365 ## - TRADE PRICE
Price amount 480
Currency code INR
650 ## - SUBJECT ADDED ENTRY--TOPICAL TERM
Topical term or geographic name entry element Political Ideologies
9 (RLIN) 118319
650 ## - SUBJECT ADDED ENTRY--TOPICAL TERM
Topical term or geographic name entry element Political Science
9 (RLIN) 118320
700 ## - ADDED ENTRY--PERSONAL NAME
Personal name Chaturvedi T N
9 (RLIN) 234931
906 ## - LOCAL DATA ELEMENT F, LDF (RLIN)
a approach ; Good ; governance: ; integral
942 ## - ADDED ENTRY ELEMENTS (KOHA)
Source of classification or shelving scheme Dewey Decimal Classification
Koha item type Book
Holdings
Withdrawn status Lost status Damaged status Not for loan Collection code Home library Current library Date acquired Source of acquisition Cost, normal purchase price Total Checkouts Full call number Barcode Date last seen Date last checked out Price effective from Koha item type
        MSW St Aloysius PG Library St Aloysius PG Library 02/15/2010 Book World 480.00 6 320.5 GOEG PG022273 11/04/2024 10/24/2024 04/26/2021 Book